Statistics for Taylor Swift Songs NOT About Her Exes

Click here to take the quiz!

General Stats

  • This quiz has been taken 60 times
    (52 since last reset)
  • The average score is 47 of 77

Answer Stats

HintAnswer% Correct
august
83%
cardigan
83%
betty
80%
folklorethe 1
78%
hoax
76%
Look What You Made Me Do
76%
marjorie
76%
Shake it Off
76%
The Archer
76%
1989Welcome to New York
76%
MidnightsAnti-Hero
73%
Bad Blood
73%
Fearless (Taylor's Version)Fifteen
73%
Karma
73%
seven
73%
the last great american dynasty
73%
evermorechampagne problems
71%
exile
71%
Long Live
71%
Mean
71%
Soon You'll Get Better
71%
The Man
71%
Red (Taylor's Version)22
68%
Bejeweled
68%
mirrorball
68%
my tears ricochet
68%
peace
68%
Ronan
68%
Speak Now
68%
Vigilante Shit
68%
Cruel Summer
66%
dorothea
66%
illicit affairs
66%
no body, no crime
66%
You Need To Calm Down
66%
epiphany
63%
evermore
63%
the lakes
63%
Blank Space
61%
gold rush
61%
reputationI Did Something Bad
61%
Never Grow Up
61%
New Romantics
61%
Speak NowSparks Fly
61%
Clean
59%
coney island
59%
Innocent
59%
ivy
59%
mad woman
59%
right where you left me
59%
this is me trying
59%
This Is Why We Can't Have Nice Things
59%
New Year's Day
56%
tolerate it
56%
You're On Your Own, Kid
56%
Taylor Swift (Debut)A Place In This World
54%
it's time to go
54%
Midnight Rain
54%
Bigger Than The Whole Sky
51%
Change
51%
cowboy like me
51%
Dear Reader
51%
happiness
51%
LoverI Forgot That You Existed
51%
long story short
51%
'tis the damn season
51%
Tied Together With a Smile
49%
closure
46%
High Infidelity
46%
The Best Day
46%
The Great War
44%
Forever Winter
34%
I'm Only Me When I'm With You
29%
Starlight
29%
Holy Ground
27%
You Belong With Me
27%
Mary's Song (Oh My My My)
12%

Score Distribution

Percentile by Number Answered

Percent of People with Each Score

Your Score History

You have not taken this quiz since the last reset